Formule 1 - Pilote ayant le plus de podium par pays - Statistiques

Statistiques générales
  • Ce quiz a été pris 277 fois
  • Le résultat moyen est 16 sur 32
Statistiques - réponses
Pays Pilote Nombre de podiums du pilote Pourcentage de podium dans son pays % Correct
Royaume-Uni Lewis Hamilton 197 26,30%
100%
France Alain Prost 106 34,30%
97%
Pays-Bas Max Verstappen 101 98,06%
96%
Espagne Fernando Alonso 106 84,13%
95%
Allemagne Michael Schumacher 155 37,35%
95%
Brésil Ayrton Senna 80 27,30%
94%
Monaco Charles Leclerc 30 96,77%
90%
Finlande Kimi Räikkönen 103 42,04%
82%
Mexique Sergio Pérez 35 83,33%
78%
Autriche Niki Lauda 54 45,76%
75%
Canada Jacques Villeneuve 23 58,97%
71%
Thaïlande Alexander Albon 2 100,00%
65%
Danemark Kevin Magnussen 1 100,00%
50%
Australie Mark Webber 42 31,82%
48%
Venezuela Pastor Maldonado 1 100,00%
45%
Pologne Robert Kubica 12 100,00%
45%
Afrique du Sud Jody Scheckter 33 91,67%
40%
Russie Daniil Kvyat 3 75,00%
39%
Belgique Jacky Ickx 25 54,35%
37%
Japon Kamui Kobayashi 1 33,33%
37%
États-Unis Mario Andretti 19 14,84%
37%
Colombie Juan Pablo Montoya 30 100,00%
36%
Suisse Clay Regazzoni 28 77,78%
24%
Nouvelle-Zélande Denny Hulme 33 45,83%
24%
Japon Takuma Satō 1 33,33%
23%
Suède Ronnie Peterson 26 59,09%
22%
Argentine Carlos Reutemann 45 45,92%
21%
Italie Riccardo Patrese 37 17,87%
17%
Portugal Tiago Monteiro 1 100,00%
15%
Japon Aguri Suzuki 1 33,33%
12%
États-Unis Dan Gurney 19 14,84%
9%
Rhodésie du Sud (Zimbabwe) John Love 1 100,00%
5%
Aucun quiz correspondant
Distribution des résultats
% des personnes avec chaque résultat
Percentile par nombre de réponses
Votre historique - résultats
Vous n’avez pas pris ce quiz